000 00644nam a2200217Ii 4500
001 2226
003 CO-ViMGA
008 241108s9999||||xx |||||||||||||| ||und||
020 _a9589342078
040 _aCO-ViMGA
_bspa
_erda
_cCO-ViMGA
041 0 _aspa
082 0 4 _a028.5506 C65m
110 2 _aCongreso Mundial de IBBY (27 : Sep. 18-22 2000 : Cartagena de Indias)
_953022
245 1 0 _aMemorias
264 1 _aBogotá, Colombia : Fundalectura, 2001
300 _avolumen
336 _atext
_btxt
_2rdacontent
337 _aunmediated
_bn
_2rdamedia
338 _avolume
_bnc
_2rdacarrier
940 _aidficha_siabuc: 2181. -- ficha_no_siabuc:2226
999 _c48452
_d48452